| 000 | 00660nam a22001697a 4500 | ||
|---|---|---|---|
| 005 | 20251108171740.0 | ||
| 008 | 250721s9999 xx 000 0 ara d | ||
| 082 | 1 | 4 | _aم/956/خلد |
| 100 | 1 | _aخلدون، عبد الرحمن بن محمد بن | |
| 245 | 1 | 0 |
_aتاريخ العلامة إبن خلدون : _bكتاب العبر وديوان المبتدأ والخبر في أيام العرب والعجم والبربر ومن ... / |
| 264 | 1 |
_aبيروت : _bدار الكتاب اللبناني : مكتبة المدرسة، _c[19-]. |
|
| 300 | _a14 ج | ||
| 650 | 1 | 7 | _aالعرب |
| 650 | 1 | 7 | _aالتاريخ |
| 942 |
_2ddc _cREF |
||
| 999 |
_c61509 _d61509 |
||